000 00906cam a2200277 a 4500
001 000002760
003 DO-SdBNP
005 20250318143549.0
008 000731s2000 sp b 000 0 spa
020 _a8437618355
040 _aDO-SdBNP
_bspa
_cBNPHU
082 _a980.01
_bC947i
245 0 0 _aCrónicas de Indias :
_bantología /
_cedición de Mercedes Serna.
260 _aMadrid :
_bCátedra,
_c2000.
300 _a527 p. ;
_c18 cm.
490 1 _aLetras hispánicas
_v483
504 _aBibliografía: p. 107-113.
651 4 _aAmérica Del Sur
_xHistoria
_98696
651 0 _aAmérica --
_xDescubrimiento y exploración --
_xEspañoles
_9544
_vEnsayo, conferencias, etc.
651 4 _aAmérica
_xNarraciones Hasta 1600
_98698
700 1 _aSerna, M.
_q(Mercedes)
_98699
830 0 _aLetras hispánicas ;
_v483
_94208
910 _aCatalogación por copia / LC
910 _aWM
942 _2ddc
_cLBS1
999 _c2594
_d2594